Sports Quiz

Random Sports or NBA Quiz

Last 60 All-NBA First Teams Quiz Stats

Quiz Updated May 21, 2017

Challenge
Share
Tweet
Embed
Score 0/300 Timer 20:00
5 Plays Today
Season Player % Correct
2015-2016LeBron James
97.6%
2005-2006LeBron James
97.6%
2007-2008LeBron James
97.6%
2008-2009LeBron James
97.6%
2009-2010LeBron James
97.6%
2010-2011LeBron James
97.6%
2011-2012LeBron James
97.6%
2012-2013LeBron James
97.6%
2013-2014LeBron James
97.6%
2014-2015LeBron James
97.6%
2016-2017LeBron James
97.4%
1986-1987Michael Jordan
97.4%
1987-1988Michael Jordan
97.4%
1988-1989Michael Jordan
97.4%
1989-1990Michael Jordan
97.4%
1990-1991Michael Jordan
97.4%
1991-1992Michael Jordan
97.4%
1992-1993Michael Jordan
97.4%
1995-1996Michael Jordan
97.4%
1996-1997Michael Jordan
97.4%
1997-1998Michael Jordan
97.4%
2015-2016DeAndre Jordan
96.7%
1961-1962Jerry West
94.4%
2001-2002Kobe Bryant
94.4%
2002-2003Kobe Bryant
94.4%
2003-2004Kobe Bryant
94.4%
2005-2006Kobe Bryant
94.4%
2006-2007Kobe Bryant
94.4%
2007-2008Kobe Bryant
94.4%
2008-2009Kobe Bryant
94.4%
2009-2010Kobe Bryant
94.4%
2010-2011Kobe Bryant
94.4%
2011-2012Kobe Bryant
94.4%
2012-2013Kobe Bryant
94.4%
1962-1963Jerry West
94.4%
1963-1964Jerry West
94.4%
1964-1965Jerry West
94.4%
1965-1966Jerry West
94.4%
1966-1967Jerry West
94.4%
1969-1970Jerry West
94.4%
1970-1971Jerry West
94.4%
1971-1972Jerry West
94.4%
1972-1973Jerry West
94.4%
2015-2016Stephen Curry
93.7%
2014-2015Stephen Curry
93.6%
1997-1998Shaquille O'Neal
93.1%
1999-2000Shaquille O'Neal
93.1%
2000-2001Shaquille O'Neal
93.1%
2001-2002Shaquille O'Neal
93.1%
2002-2003Shaquille O'Neal
93.1%
2003-2004Shaquille O'Neal
93.1%
2004-2005Shaquille O'Neal
93.1%
2005-2006Shaquille O'Neal
93.1%
1983-1984Magic Johnson
92.3%
1982-1983Magic Johnson
92.3%
1984-1985Magic Johnson
92.3%
1985-1986Magic Johnson
92.3%
1986-1987Magic Johnson
92.3%
1987-1988Magic Johnson
92.3%
1988-1989Magic Johnson
92.3%
1989-1990Magic Johnson
92.3%
1990-1991Magic Johnson
92.3%
2016-2017Russell Westbrook
91.8%
1980-1981Dennis Johnson
91.2%
1978-1979Marques Johnson
91.1%
1983-1984Larry Bird
90.5%
1979-1980Larry Bird
90.5%
1980-1981Larry Bird
90.5%
1981-1982Larry Bird
90.5%
1982-1983Larry Bird
90.5%
1984-1985Larry Bird
90.5%
1985-1986Larry Bird
90.5%
1986-1987Larry Bird
90.5%
1987-1988Larry Bird
90.5%
2009-2010Kevin Durant
90.4%
2010-2011Kevin Durant
90.4%
2011-2012Kevin Durant
90.4%
2012-2013Kevin Durant
90.4%
2013-2014Kevin Durant
90.4%
1997-1998Tim Duncan
90.1%
1998-1999Tim Duncan
90.1%
1999-2000Tim Duncan
90.1%
2000-2001Tim Duncan
90.1%
2001-2002Tim Duncan
90.1%
2002-2003Tim Duncan
90.1%
2003-2004Tim Duncan
90.1%
2004-2005Tim Duncan
90.1%
2006-2007Tim Duncan
90.1%
2012-2013Tim Duncan
90.1%
2015-2016Russell Westbrook
88.7%
2016-2017James Harden
87.6%
1993-1994Scottie Pippen
87.5%
1994-1995Scottie Pippen
87.5%
1995-1996Scottie Pippen
87.5%
1959-1960Wilt Chamberlain
87.3%
1960-1961Wilt Chamberlain
87.3%
1961-1962Wilt Chamberlain
87.3%
1963-1964Wilt Chamberlain
87.3%
1965-1966Wilt Chamberlain
87.3%
1966-1967Wilt Chamberlain
87.3%
Season Player % Correct
1967-1968Wilt Chamberlain
87.3%
1988-1989Karl Malone
85.7%
1989-1990Karl Malone
85.7%
1990-1991Karl Malone
85.7%
1991-1992Karl Malone
85.7%
1992-1993Karl Malone
85.7%
1993-1994Karl Malone
85.7%
1994-1995Karl Malone
85.7%
1995-1996Karl Malone
85.7%
1996-1997Karl Malone
85.7%
1997-1998Karl Malone
85.7%
1998-1999Karl Malone
85.7%
1978-1979Moses Malone
85.5%
1981-1982Moses Malone
85.5%
1982-1983Moses Malone
85.5%
1984-1985Moses Malone
85.5%
2008-2009Dwyane Wade
84.6%
2009-2010Dwyane Wade
84.6%
1958-1959Bill Russell
84.6%
1962-1963Bill Russell
84.6%
1964-1965Bill Russell
84.6%
1970-1971Kareem Abdul-Jabbar
84.3%
1983-1984Kareem Abdul-Jabbar
84.3%
1971-1972Kareem Abdul-Jabbar
84.3%
1972-1973Kareem Abdul-Jabbar
84.3%
1973-1974Kareem Abdul-Jabbar
84.3%
1975-1976Kareem Abdul-Jabbar
84.3%
1976-1977Kareem Abdul-Jabbar
84.3%
1979-1980Kareem Abdul-Jabbar
84.3%
1980-1981Kareem Abdul-Jabbar
84.3%
1985-1986Kareem Abdul-Jabbar
84.3%
2007-2008Chris Paul
82.2%
2011-2012Chris Paul
82.2%
2012-2013Chris Paul
82.2%
2013-2014Chris Paul
82.2%
1986-1987Hakeem Olajuwon
81.8%
1987-1988Hakeem Olajuwon
81.8%
1988-1989Hakeem Olajuwon
81.8%
1990-1991David Robinson
81.8%
1991-1992David Robinson
81.8%
1992-1993Hakeem Olajuwon
81.8%
1993-1994Hakeem Olajuwon
81.8%
1994-1995David Robinson
81.8%
1995-1996David Robinson
81.8%
1996-1997Hakeem Olajuwon
81.8%
1999-2000Kevin Garnett
81.5%
2002-2003Kevin Garnett
81.5%
2003-2004Kevin Garnett
81.5%
2007-2008Kevin Garnett
81.5%
1977-1978Truck Robinson
81.1%
2016-2017Anthony Davis
80.9%
1993-1994John Stockton
80.9%
1994-1995John Stockton
80.9%
1998-1999Allen Iverson
80.6%
2000-2001Allen Iverson
80.6%
2004-2005Allen Iverson
80.6%
2004-2005Steve Nash
80.4%
2005-2006Steve Nash
80.4%
2006-2007Steve Nash
80.4%
2007-2008Dwight Howard
80.4%
2008-2009Dwight Howard
80.4%
2009-2010Dwight Howard
80.4%
2010-2011Dwight Howard
80.4%
2011-2012Dwight Howard
80.4%
2013-2014James Harden
78.9%
2014-2015James Harden
78.9%
2004-2005Dirk Nowitzki
77.4%
2005-2006Dirk Nowitzki
77.4%
2006-2007Dirk Nowitzki
77.4%
2008-2009Dirk Nowitzki
77.4%
1983-1984Isiah Thomas
77.3%
1984-1985Isiah Thomas
77.3%
1985-1986Isiah Thomas
77.3%
1987-1988Charles Barkley
76%
1988-1989Charles Barkley
76%
1989-1990Charles Barkley
76%
1990-1991Charles Barkley
76%
1992-1993Charles Barkley
76%
1989-1990Patrick Ewing
76%
2016-2017Kawhi Leonard
76%
2014-2015Anthony Davis
72.4%
1998-1999Jason Kidd
71.9%
1999-2000Jason Kidd
71.9%
2000-2001Jason Kidd
71.9%
2001-2002Jason Kidd
71.9%
2003-2004Jason Kidd
71.9%
2014-2015Marc Gasol
71.8%
1960-1961Oscar Robertson
71%
1961-1962Oscar Robertson
71%
1962-1963Oscar Robertson
71%
1963-1964Oscar Robertson
71%
1964-1965Oscar Robertson
71%
1965-1966Oscar Robertson
71%
1966-1967Oscar Robertson
71%
1967-1968Oscar Robertson
71%
1968-1969Oscar Robertson
71%
1977-1978Julius Erving
70.9%
1979-1980Julius Erving
70.9%
1980-1981Julius Erving
70.9%
1981-1982Julius Erving
70.9%
Season Player % Correct
1982-1983Julius Erving
70.9%
2015-2016Kawhi Leonard
70.2%
1957-1958Bob Cousy
69.8%
1958-1959Bob Cousy
69.8%
1959-1960Bob Cousy
69.8%
1960-1961Bob Cousy
69.8%
1991-1992Clyde Drexler
66.5%
2001-2002Tracy McGrady
66%
2002-2003Tracy McGrady
66%
1986-1987Kevin McHale
65.8%
2010-2011Derrick Rose
63.2%
1997-1998Gary Payton
62.3%
1999-2000Gary Payton
62.3%
1976-1977David Thompson
61.9%
1977-1978David Thompson
61.9%
1958-1959Elgin Baylor
61.6%
1959-1960Elgin Baylor
61.6%
1960-1961Elgin Baylor
61.6%
1961-1962Elgin Baylor
61.6%
1962-1963Elgin Baylor
61.6%
1963-1964Elgin Baylor
61.6%
1964-1965Elgin Baylor
61.6%
1966-1967Elgin Baylor
61.6%
1967-1968Elgin Baylor
61.6%
1968-1969Elgin Baylor
61.6%
1994-1995Penny Hardaway
59.8%
1995-1996Penny Hardaway
59.8%
1996-1997Tim Hardaway
59.7%
1970-1971John Havlicek
59.3%
1971-1972John Havlicek
59.3%
1972-1973John Havlicek
59.3%
1973-1974John Havlicek
59.3%
1985-1986Dominique Wilkins
56.8%
1957-1958Bob Pettit
56.8%
1959-1960Bob Pettit
56.8%
1960-1961Bob Pettit
56.8%
1958-1959Bob Pettit
56.8%
1961-1962Bob Pettit
56.8%
1962-1963Bob Pettit
56.8%
1963-1964Bob Pettit
56.8%
1977-1978Bill Walton
54%
1977-1978George Gervin
52.2%
1978-1979George Gervin
52.2%
1979-1980George Gervin
52.2%
1980-1981George Gervin
52.2%
1981-1982George Gervin
52.2%
2006-2007Amar'e Stoudemire
51.2%
1981-1982Gus Williams
51.1%
2000-2001Chris Webber
50.6%
1998-1999Alonzo Mourning
49.9%
1969-1970Walt Frazier
49.7%
1971-1972Walt Frazier
49.7%
1973-1974Walt Frazier
49.7%
1974-1975Walt Frazier
49.7%
1975-1976Pete Maravich
49%
1976-1977Pete Maravich
49%
1969-1970Willis Reed
48.9%
2013-2014Joakim Noah
47.5%
1965-1966Rick Barry
46.6%
1966-1967Rick Barry
46.6%
1973-1974Rick Barry
46.6%
1974-1975Rick Barry
46.6%
1975-1976Rick Barry
46.6%
1991-1992Chris Mullin
46.2%
1974-1975Elvin Hayes
44.8%
1976-1977Elvin Hayes
44.8%
1978-1979Elvin Hayes
44.8%
1968-1969Westley Unseld
44.6%
1996-1997Grant Hill
44.3%
1983-1984Bernard King
40.4%
1984-1985Bernard King
40.4%
1974-1975Bob McAdoo
38.9%
1972-1973Nate Archibald
38.9%
1974-1975Nate Archibald
38.9%
1975-1976Nate Archibald
38.9%
1968-1969Earl Monroe
35.8%
1957-1958Dolph Schayes
34%
1992-1993Mark Price
31.6%
1964-1965Jerry Lucas
30.4%
1965-1966Jerry Lucas
30.4%
1967-1968Jerry Lucas
30.4%
1993-1994Latrell Sprewell
29.5%
1973-1974Gail Goodrich
28.1%
1967-1968Dave Bing
27.7%
1970-1971Dave Bing
27.7%
1957-1958Bill Sharman
25.2%
1958-1959Bill Sharman
25.2%
1982-1983Sidney Moncrief
24.7%
1968-1969Billy Cunningham
24.3%
1969-1970Billy Cunningham
24.3%
1970-1971Billy Cunningham
24.3%
1976-1977Paul Westphal
18.5%
1978-1979Paul Westphal
18.5%
1979-1980Paul Westphal
18.5%
1969-1970Connie Hawkins
18.1%
1971-1972Spencer Haywood
17.2%
1972-1973Spencer Haywood
17.2%
1975-1976George McGinnis
13.9%
1957-1958George Yardley
13.9%
1959-1960Gene Shue
11.7%

You're not logged in!

Compare scores with friends on all Sporcle quizzes.
Sign Up with Email
OR
Log In

You Might Also Like...

Show Comments

Extras

Top Quizzes Today


Score Distribution

Your Account Isn't Verified!

In order to create a playlist on Sporcle, you need to verify the email address you used during registration. Go to your Sporcle Settings to finish the process.